Judgment and decision making : an interdisciplinary reader / (Record no. 2637)

000 -LEADER
fixed length control field 01474cam a2200361 a 4500
001 - CONTROL NUMBER
control field 1673193
003 - CONTROL NUMBER IDENTIFIER
control field OSt
005 - DATE AND TIME OF LATEST TRANSACTION
control field 20160809170058.0
008 - FIXED-LENGTH DATA ELEMENTS--GENERAL INFORMATION
fixed length control field 981112s2000 enk b 001 0 eng
010 ## - LIBRARY OF CONGRESS CONTROL NUMBER
LC control number 98051484
020 ## - INTERNATIONAL STANDARD BOOK NUMBER
International Standard Book Number 0521623553 (hardcover)
020 ## - INTERNATIONAL STANDARD BOOK NUMBER
International Standard Book Number 0521626021 (pbk.)
040 ## - CATALOGING SOURCE
Original cataloging agency DLC
Transcribing agency DLC
Modifying agency DLC
050 00 - LIBRARY OF CONGRESS CALL NUMBER
Classification number BF441.J79 2000
082 00 - DEWEY DECIMAL CLASSIFICATION NUMBER
Classification number 302.3
Edition number 21
245 00 - TITLE STATEMENT
Title Judgment and decision making : an interdisciplinary reader /
Statement of responsibility, etc edited by Terry Connolly, Hal R. Arkes, Kenneth R. Hammond.
250 ## - EDITION STATEMENT
Edition statement 2nd ed.
260 ## - PUBLICATION, DISTRIBUTION, ETC. (IMPRINT)
Place of publication, distribution, etc Cambridge, U.K. ;
-- New York :
Name of publisher, distributor, etc Cambridge University Press,
Date of publication, distribution, etc 2000.
300 ## - PHYSICAL DESCRIPTION
Extent xviii, 786 p. ;
Dimensions 23 cm.
440 #0 - SERIES STATEMENT/ADDED ENTRY--TITLE
Title Cambridge series on judgment and decision making
504 ## - BIBLIOGRAPHY, ETC. NOTE
Bibliography, etc Includes bibliographical references and indexes.
650 #0 - SUBJECT ADDED ENTRY--TOPICAL TERM
Topical term or geographic name as entry element Decision making.
650 #0 - SUBJECT ADDED ENTRY--TOPICAL TERM
Topical term or geographic name as entry element Judgment.
700 1# - ADDED ENTRY--PERSONAL NAME
Personal name Connolly, Terry.
700 1# - ADDED ENTRY--PERSONAL NAME
Personal name Arkes, Hal R.,
Dates associated with a name 1945-
700 1# - ADDED ENTRY--PERSONAL NAME
Personal name Hammond, Kenneth R.
856 41 - ELECTRONIC LOCATION AND ACCESS
Materials specified Sample text
Uniform Resource Identifier <a href="http://www.loc.gov/catdir/samples/cam032/98051484.html">http://www.loc.gov/catdir/samples/cam032/98051484.html</a>
856 42 - ELECTRONIC LOCATION AND ACCESS
Materials specified Publisher description
Uniform Resource Identifier <a href="http://www.loc.gov/catdir/description/cam029/98051484.html">http://www.loc.gov/catdir/description/cam029/98051484.html</a>
856 41 - ELECTRONIC LOCATION AND ACCESS
Materials specified Table of contents
Uniform Resource Identifier <a href="http://www.loc.gov/catdir/toc/cam026/98051484.html">http://www.loc.gov/catdir/toc/cam026/98051484.html</a>
906 ## - LOCAL DATA ELEMENT F, LDF (RLIN)
a 7
b cbc
c orignew
d 2
e ocip
f 20
g y-gencatlg
942 ## - ADDED ENTRY ELEMENTS (KOHA)
Source of classification or shelving scheme
Koha item type Book
Holdings
Withdrawn status Lost status Source of classification or shelving scheme Damaged status Not for loan Home library Current library Shelving location Date acquired Total Checkouts Full call number Barcode Date last seen Copy number Price effective from Koha item type
          Riara University Library Riara University Library General stack 09/08/2016   BF441.J79 2000 7166/16 09/08/2016 C.1 09/08/2016 Book

Riara University Library,
P.O. Box 49940-00100,
Nairobi, Kenya.